000
00243nam a2200097Ia 4500
001
719417
005
20250826163042.0
008
250824s9999 xx 000 0 und d
245
0
_a
ORMAN
_c
CLIVE CUSSLER VE JACK DU BRUL
260
_b
ALTIN KİTAPLAR
999
_c
719417
_d
719417